Générique Albator - Paroles - Statistiques

Statistiques générales
  • Ce quiz a été pris 302 fois
  • Le résultat moyen est 11 sur 16
Statistiques - réponses
Paroles % Correct
Albator, {Albator}
99%
Albator, {Albator}
97%
De bâbord à {tribord}
97%
Tu veuilles sur la {galaxie}
88%
Albator, {Albator}
86%
Albator, {Albator}
85%
Du fond de la nuit {d}'{or}
82%
Le {corsaire} de l'espace
76%
Pour tous les {enfants}
61%
Le {pavillon} {noir} est son drapeau
59%
Sur la {liberté} aussi
56%
Même si tu paraît de {glace}
55%
Ton coeur est {grand}
53%
Ton coeur est {bon}
51%
Le bel {Atlantis} est ton vaisseau
46%
Bee-Bop, {Nausicaa} sont avec toi
33%
Aucun quiz correspondant
Distribution des résultats
% des personnes avec chaque résultat
Percentile par nombre de réponses
Votre historique - résultats
Vous n’avez pas pris ce quiz